000 00394nam a2200157 a 4500
001 44032
005 20180714022742.0
008 140415s1963 000 0 spa d
041 _aspa
082 _a862
_bSAZ
100 1 _aSAZ, AGUSTIN DEL
245 1 0 _aTEATRO HISPANOAMERICANO
260 _a[s.l.] :
_bVERGARA,
_c1963
300 _a317
650 1 4 _aTEATRO
_xAMERICA LATINA
999 _c44032
_d44032